Historias y leyendas del cielo / (Registro nro. 4055)
[ vista simple ]
| 000 -LEADER | |
|---|---|
| fixed length control field | 01627nam a2200289Ia 4500 |
| 003 - CONTROL NUMBER IDENTIFIER | |
| control field | OSt |
| 005 - DATE AND TIME OF LATEST TRANSACTION | |
| control field | 20200219144952.0 |
| 008 - FIXED-LENGTH DATA ELEMENTS--GENERAL INFORMATION | |
| fixed length control field | 191128s2007 ck a br 000 u spa d |
| 020 ## - INTERNATIONAL STANDARD BOOK NUMBER | |
| International Standard Book Number | 9789583023866 |
| 040 ## - CATALOGING SOURCE | |
| Original cataloging agency | CO-JMCR |
| Transcribing agency | CO-JMCR |
| 041 0# - LANGUAGE CODE | |
| Language code of text/sound track or separate title | spa |
| 082 04 - DEWEY DECIMAL CLASSIFICATION NUMBER | |
| Classification number | LM / |
| Item number | PUEh |
| 100 1# - MAIN ENTRY--PERSONAL NAME | |
| Personal name | Puerta Restrepo, Germán, |
| Relator term | autor |
| 9 (RLIN) | 753 |
| 245 10 - TITLE STATEMENT | |
| Title | Historias y leyendas del cielo / |
| Statement of responsibility, etc. | Germán Puerta Restrepo ; ilustraciones Helena Melo |
| 250 ## - EDITION STATEMENT | |
| Edition statement | Primera edición |
| 260 ## - PUBLICATION, DISTRIBUTION, ETC. | |
| Place of publication, distribution, etc. | Bogotá : |
| Name of publisher, distributor, etc. | Panamericana, |
| Date of publication, distribution, etc. | 2007 |
| 300 ## - PHYSICAL DESCRIPTION | |
| Extent | [85] páginas : |
| Other physical details | ilustraciones a color ; |
| Dimensions | 23 cm. |
| 500 ## - GENERAL NOTE | |
| General note | Incluye datos biográficos del autor. |
| 504 ## - BIBLIOGRAPHY, ETC. NOTE | |
| Bibliography, etc. note | Bibliografía: página [84] |
| 505 0# - FORMATTED CONTENTS NOTE | |
| Formatted contents note | Los pilares del cielo -- La iluminación del mundo -- El nacimiento de Osiris -- La expansión del universo -- El zodiaco negro -- Amor y guerra en la bóveda celeste -- La leyenda de Poia -- Una historia de amor -- Los meses del año -- Las siete hermanas -- El gran perro -- El sueño de los dioses |
| 520 ## - SUMMARY, ETC. | |
| Summary, etc. | Mucho se sabe hoy en día de la verdadera naturaleza del Sol, la Luna, los astros y los fenómenos del Cielo. Pero, ¿qué podrían pensar los pueblos antiguos sobre los eventos celestes? ¿o sobre el origen del mundo? Hace miles, o aún cientos de años, la naturaleza estaba llena de enigmas y misterios que debían ser explicados de alguna manera. Y fue allí donde aparecieron los mitos y las leyendas. |
| 650 14 - SUBJECT ADDED ENTRY--TOPICAL TERM | |
| Topical term or geographic name entry element | Mitos del universo |
| 9 (RLIN) | 754 |
| 650 14 - SUBJECT ADDED ENTRY--TOPICAL TERM | |
| Topical term or geographic name entry element | Personajes fantásticos |
| General subdivision | literatura |
| 9 (RLIN) | 755 |
| 650 14 - SUBJECT ADDED ENTRY--TOPICAL TERM | |
| Topical term or geographic name entry element | Universo en la literatura |
| 9 (RLIN) | 756 |
| 700 1# - ADDED ENTRY--PERSONAL NAME | |
| Personal name | Melo, Helena, |
| Relator term | ilustradora |
| 9 (RLIN) | 757 |
| 942 ## - ADDED ENTRY ELEMENTS (KOHA) | |
| Source of classification or shelving scheme | Dewey Decimal Classification |
| Koha item type | Books |
| Withdrawn status | Lost status | Source of classification or shelving scheme | Materials specified (bound volume or other part) | Damaged status | Not for loan | Collection code | Home library | Current library | Date acquired | Source of acquisition | Total Checkouts | Total Renewals | Full call number | Barcode | Date last seen | Date last checked out | Copy number | Koha item type |
|---|---|---|---|---|---|---|---|---|---|---|---|---|---|---|---|---|---|---|
| Dewey Decimal Classification | Donación--24/08/2018-- | Fiction | Biblioteca Pública José María del Castillo y Rada | Biblioteca Pública José María del Castillo y Rada | 08/24/2018 | Donación | 23 | 3 | LM / PUEh | 201808852 | 02/27/2026 | 02/27/2026 | Ej.1 | Books |